| 000 | 01163cad a2200265 4500 | ||
|---|---|---|---|
| 001 | J118628 | ||
| 008 | 020702n2002 000 0 eng u | ||
| 035 | _a(Sirsi) u118628 | ||
| 041 | _aeng. | ||
| 050 | _a690.073 | ||
| 110 |
_aConstruction Industry Training Board _92980 |
||
| 245 |
_aCITB skills foresight report : February 2002 _h[electronic resource] |
||
| 260 |
_aCITB _c2002 |
||
| 300 |
_a72p. _bill. _c30cm. |
||
| 350 | _a50 | ||
| 520 | _aAssesses the evidence regarding the construction industry's current and future skill needs. Shows it to be experiencing the greatest difficulties for a decade in meeting its demands for skills. The report's conclusions provide a basis for all those involved in construction skill development. [Report replaces CITB's annual 'Construction Employment and Training Forecast'.] | ||
| 650 | _aSTATISTICS | ||
| 650 | _aSKILLS | ||
| 650 | _aCONSTRUCTION EMPLOYMENT | ||
| 650 | _aCAREERS, EDUCATION AND TRAINING | ||
| 650 | _aCONSTRUCTION INDUSTRY | ||
| 690 | _aBUILT ENVIRONMENT | ||
| 856 | 4 | 0 |
_uhttps://www.swslim.org.uk/downloads/sl1293.pdf _zView this item free of charge at www.swslim.org.uk |
| 942 | _n0 | ||
| 999 |
_c102157 _d102157 |
||